00458nam a2200169 a 4500008004100000020001500041050001600056100001600072245002800088260004400116300001800160350000900178650001100187650002700198650004000225650002300265120416s1987 ||||||||||||||||| || u a9982010018 aKG 3631 Ndu aNdulo, Muna10aMining rights in Zambia aLusakabKenneth Kaunda Foundationc1987 axxviii, 276p. a0.00 aMINING aMINERAL RIGHTS--ZAMBIA aMINES AND MINERAL RESOURCES--ZAMBIA aMINING LAW--ZAMBIA